[Event "1SM"]
[Site "Sharjah Chess Club"]
[Date "2017.03.30"]
[Round "8.13"]
[White "Oleksiyenko, Mykhaylo"]
[Black "Laxman, R.R."]
[Result "1/2-1/2"]
[BlackElo "2403"]
[WhiteElo "2643"]
[LiveChessVersion "1.4.8"]

1. e4 {[%clk 1:40:54]} e5 {[%clk 1:40:38]} 2. Nf3 {[%clk 1:41:17]} Nc6
{[%clk 1:41:03]} 3. Bb5 {[%clk 1:41:37]} Nf6 {[%clk 1:41:22]} 4. O-O
{[%clk 1:41:47]} Nxe4 {[%clk 1:41:45]} 5. d4 {[%clk 1:42:10]} Nd6
{[%clk 1:42:09]} 6. dxe5 {[%clk 1:42:33]} Nxb5 {[%clk 1:42:32]} 7. a4
{[%clk 1:42:59]} Nbd4 {[%clk 1:42:00]} 8. Nxd4 {[%clk 1:40:57]} d5
{[%clk 1:42:24]} 9. Nxc6 {[%clk 1:41:10]} bxc6 {[%clk 1:42:52]} 10. Qd3
{[%clk 1:41:30]} Qd7 {[%clk 1:36:18]} 11. Nd2 {[%clk 1:41:37]} Be7
{[%clk 1:34:51]} 12. Nf3 {[%clk 1:33:58]} a5 {[%clk 1:30:18]} 13. Qc3
{[%clk 1:22:02]} Bb4 {[%clk 1:27:29]} 14. Qe3 {[%clk 1:18:51]} O-O
{[%clk 1:27:27]} 15. b3 {[%clk 1:18:14]} Qe7 {[%clk 1:21:39]} 16. Bb2
{[%clk 1:12:23]} Re8 {[%clk 1:21:04]} 17. h3 {[%clk 1:06:48]} Bf5
{[%clk 1:19:52]} 18. Rac1 {[%clk 0:57:12]} Rab8 {[%clk 1:17:04]} 19. Qf4
{[%clk 0:51:50]} Bd7 {[%clk 1:15:59]} 20. Ne1 {[%clk 0:45:50]} Qe6
{[%clk 1:12:37]} 21. Nd3 {[%clk 0:46:13]} Qg6 {[%clk 1:11:06]} 22. Kh2
{[%clk 0:43:06]} Be7 {[%clk 1:07:19]} 23. Qd4 {[%clk 0:23:01]} Bf5
{[%clk 1:03:09]} 24. Bc3 {[%clk 0:22:37]} Ra8 {[%clk 0:56:49]} 25. Nf4
{[%clk 0:21:26]} Qh6 {[%clk 0:56:59]} 26. Ne2 {[%clk 0:21:40]} Ba3
{[%clk 0:55:06]} 27. Ra1 {[%clk 0:20:11]} Bf8 {[%clk 0:55:23]} 28. Qd1
{[%clk 0:16:29]} Bc5 {[%clk 0:46:35]} 29. Ng3 {[%clk 0:16:36]} Qf4
{[%clk 0:45:03]} 30. Qc1 {[%clk 0:14:11]} Qxc1 {[%clk 0:43:21]} 31. Raxc1
{[%clk 0:14:38]} Bc8 {[%clk 0:42:27]} 32. f4 {[%clk 0:15:03]} Bb6
{[%clk 0:42:01]} 33. Rfd1 {[%clk 0:13:54]} Bb7 {[%clk 0:40:44]} 34. Bd4
{[%clk 0:14:08]} c5 {[%clk 0:40:16]} 35. Bf2 {[%clk 0:14:29]} Rad8
{[%clk 0:39:38]} 36. Nh5 {[%clk 0:13:49]} d4 {[%clk 0:36:29]} 37. Bh4
{[%clk 0:13:53]} Ra8 {[%clk 0:36:16]} 38. c4 {[%clk 0:14:03]} Re6
{[%clk 0:34:53]} 39. Re1 {[%clk 0:12:47]} Rae8 {[%clk 0:33:57]} 40. g4
{[%clk 0:12:11]} Bf3 {[%clk 0:34:09]} 41. Kg3 {[%clk 0:11:36]} d3
{[%clk 0:33:04]} 42. f5 {[%clk 0:10:28]} Rc6 {[%clk 0:33:10]} 43. Kxf3
{[%clk 0:09:19]} d2 {[%clk 0:33:39]} 44. Rcd1 {[%clk 0:09:36]} dxe1=Q
{[%clk 0:34:00]} 45. Rxe1 {[%clk 0:09:27]} Ba7 {[%clk 0:34:16]} 46. Re3
{[%clk 0:08:29]} Rb6 {[%clk 0:34:27]} 47. Be1 {[%clk 0:07:01]} Reb8
{[%clk 0:34:51]} 48. Bxa5 {[%clk 0:07:25]} Rxb3 {[%clk 0:35:17]} 49. Bxc7
{[%clk 0:07:42]} Rxe3+ {[%clk 0:35:23]} 50. Kxe3 {[%clk 0:08:10]} Rb4
{[%clk 0:35:38]} 51. Kd3 {[%clk 0:08:24]} Bb8 {[%clk 0:34:57]} 52. Bxb8
{[%clk 0:07:40]} Rxb8 {[%clk 0:35:25]} 53. Nf4 {[%clk 0:07:57]} Rb4
{[%clk 0:35:49]} 54. e6 {[%clk 0:07:35]} fxe6 {[%clk 0:35:53]} 55. Nxe6
{[%clk 0:07:57]} Rxa4 {[%clk 0:36:18]} 56. Nxc5 {[%clk 0:08:23]} Ra3+
{[%clk 0:36:37]} 57. Kd4 {[%clk 0:08:40]} Rxh3 {[%clk 0:37:00]} 58. Ne4
{[%clk 0:08:10]} Kf8 {[%clk 0:37:15]} 59. Ke5 {[%clk 0:08:21]} Ke7
{[%clk 0:37:23]} 60. g5 {[%clk 0:08:37]} Kd7 {[%clk 0:36:48]} 61. c5
{[%clk 0:08:22]} Rf3 {[%clk 0:32:53]} 62. f6 {[%clk 0:07:04]} gxf6+
{[%clk 0:30:27]} 63. Nxf6+ {[%clk 0:07:22]} 1/2-1/2

[Event "1SM"]
[Site "Sharjah Chess Club"]
[Date "2017.03.30"]
[Round "8.14"]
[White "Abdusattorov, Nodirbek"]
[Black "Adly, Ahmed"]
[Result "1/2-1/2"]
[BlackElo "2593"]
[WhiteElo "2429"]
[LiveChessVersion "1.4.8"]

1. e4 {[%clk 1:40:53]} c5 {[%clk 1:40:38]} 2. Nf3 {[%clk 1:41:00]} Nf6
{[%clk 1:40:30]} 3. Nc3 {[%clk 1:40:48]} d6 {[%clk 1:40:35]} 4. d4
{[%clk 1:41:13]} cxd4 {[%clk 1:41:00]} 5. Nxd4 {[%clk 1:41:40]} Nc6
{[%clk 1:41:26]} 6. Bg5 {[%clk 1:41:43]} Bd7 {[%clk 1:41:32]} 7. Qd2
{[%clk 1:39:51]} h6 {[%clk 1:41:40]} 8. Bxf6 {[%clk 1:38:41]} gxf6
{[%clk 1:42:03]} 9. O-O-O {[%clk 1:36:48]} h5 {[%clk 1:39:15]} 10. f4
{[%clk 1:33:28]} a6 {[%clk 1:39:43]} 11. g3 {[%clk 1:31:09]} e6 {[%clk 1:39:13]}
12. Kb1 {[%clk 1:29:20]} Qb6 {[%clk 1:38:06]} 13. Nb3 {[%clk 1:27:22]} h4
{[%clk 1:38:15]} 14. Bh3 {[%clk 1:23:54]} O-O-O {[%clk 1:37:48]} 15. f5
{[%clk 1:14:44]} Kb8 {[%clk 1:37:27]} 16. Qf4 {[%clk 1:11:07]} hxg3
{[%clk 1:35:58]} 17. hxg3 {[%clk 1:11:14]} Be7 {[%clk 1:36:04]} 18. Na4
{[%clk 0:57:46]} Qc7 {[%clk 1:34:22]} 19. Qf2 {[%clk 0:57:51]} Nb4
{[%clk 1:26:25]} 20. Nc3 {[%clk 0:56:18]} Rh7 {[%clk 1:23:57]} 21. Bg4
{[%clk 0:54:13]} Rg7 {[%clk 1:23:20]} 22. Bh5 {[%clk 0:53:15]} Nc6
{[%clk 1:14:37]} 23. Nd4 {[%clk 0:51:46]} Nxd4 {[%clk 1:14:05]} 24. Qxd4
{[%clk 0:51:22]} Rc8 {[%clk 1:14:12]} 25. g4 {[%clk 0:49:25]} Qc5
{[%clk 1:13:53]} 26. Qd2 {[%clk 0:48:02]} Qe5 {[%clk 1:12:55]} 27. Rhe1
{[%clk 0:47:20]} Bf8 {[%clk 1:10:30]} 28. Ne2 {[%clk 0:40:53]} Bc6
{[%clk 1:06:49]} 29. Nc3 {[%clk 0:37:48]} Qc5 {[%clk 0:57:47]} 30. Qd4
{[%clk 0:34:59]} Qxd4 {[%clk 0:55:55]} 31. Rxd4 {[%clk 0:35:28]} Rh7
{[%clk 0:55:21]} 32. Rd2 {[%clk 0:33:06]} Rd8 {[%clk 0:53:36]} 33. Rf2
{[%clk 0:30:52]} Be7 {[%clk 0:40:56]} 34. Nd5 {[%clk 0:29:37]} Bxd5
{[%clk 0:41:16]} 35. exd5 {[%clk 0:30:06]} e5 {[%clk 0:41:45]} 36. c3
{[%clk 0:29:36]} Rc8 {[%clk 0:41:56]} 37. Re4 {[%clk 0:29:49]} Bd8
{[%clk 0:41:53]} 38. Rc2 {[%clk 0:29:28]} Rc5 {[%clk 0:41:22]} 39. Rd2
{[%clk 0:29:38]} Kc8 {[%clk 0:41:32]} 40. Kc2 {[%clk 0:29:45]} Kd7
{[%clk 0:41:33]} 41. b4 {[%clk 0:29:50]} Rc8 {[%clk 0:41:45]} 42. Rd1
{[%clk 0:29:36]} Bb6 {[%clk 0:39:11]} 43. Kd3 {[%clk 0:29:27]} Ke7
{[%clk 0:38:55]} 44. a4 {[%clk 0:29:40]} Rhh8 {[%clk 0:38:41]} 45. a5
{[%clk 0:27:36]} Ba7 {[%clk 0:38:57]} 46. Rde1 {[%clk 0:27:03]} Rc7
{[%clk 0:29:49]} 47. Rc4 {[%clk 0:27:26]} Rxc4 {[%clk 0:28:36]} 48. Kxc4
{[%clk 0:27:53]} Rc8+ {[%clk 0:28:39]} 49. Kd3 {[%clk 0:25:34]} Kf8
{[%clk 0:29:05]} 50. Re2 {[%clk 0:24:59]} Kg7 {[%clk 0:29:09]} 51. c4
{[%clk 0:23:50]} Bd4 {[%clk 0:28:28]} 52. Rc2 {[%clk 0:23:55]} Kf8
{[%clk 0:28:10]} 53. Ke4 {[%clk 0:23:16]} Ke7 {[%clk 0:28:27]} 54. Kd3
{[%clk 0:23:30]} Rc7 {[%clk 0:27:47]} 55. Ke4 1/2-1/2

[Event "1SM"]
[Site "Sharjah Chess Club"]
[Date "2017.03.30"]
[Round "8.15"]
[White "Pichot, Alan"]
[Black "Srija, Seshadri"]
[Result "1-0"]
[BlackElo "2166"]
[WhiteElo "2556"]
[LiveChessVersion "1.4.8"]

1. e4 {[%clk 1:40:50]} e5 {[%clk 1:40:50]} 2. Nf3 {[%clk 1:41:06]} Nc6
{[%clk 1:41:12]} 3. Bb5 {[%clk 1:41:22]} a6 {[%clk 1:41:35]} 4. Ba4
{[%clk 1:41:43]} Nf6 {[%clk 1:41:57]} 5. d3 {[%clk 1:41:51]} b5 {[%clk 1:42:10]}
6. Bb3 {[%clk 1:42:15]} Bc5 {[%clk 1:42:30]} 7. Nc3 {[%clk 1:42:17]} d6
{[%clk 1:42:45]} 8. Nd5 {[%clk 1:42:20]} h6 {[%clk 1:42:54]} 9. c3
{[%clk 1:42:29]} O-O {[%clk 1:42:52]} 10. Nxf6+ {[%clk 1:42:18]} Qxf6
{[%clk 1:43:10]} 11. Bd5 {[%clk 1:42:36]} Bd7 {[%clk 1:41:24]} 12. Rg1
{[%clk 1:42:54]} Rae8 {[%clk 1:31:28]} 13. g4 {[%clk 1:42:46]} g5
{[%clk 1:23:25]} 14. h4 {[%clk 1:42:48]} Ne7 {[%clk 1:21:58]} 15. hxg5
{[%clk 1:42:54]} Qh8 {[%clk 1:22:13]} 16. Bb3 {[%clk 1:17:35]} h5
{[%clk 1:15:55]} 17. Nh2 {[%clk 1:09:38]} h4 {[%clk 1:12:34]} 18. Nf1
{[%clk 1:08:57]} Ng6 {[%clk 1:07:50]} 19. Ne3 {[%clk 1:04:31]} h3
{[%clk 1:02:11]} 20. Qf3 {[%clk 1:00:57]} Bxe3 {[%clk 0:46:46]} 21. Bxe3
{[%clk 1:00:07]} Qh4 {[%clk 0:42:55]} 22. Rg3 {[%clk 0:46:19]} h2
{[%clk 0:41:33]} 23. Kd2 {[%clk 0:41:11]} Nf4 {[%clk 0:40:52]} 24. Rh1
{[%clk 0:40:53]} Kg7 {[%clk 0:34:27]} 25. Bxf4 {[%clk 0:27:03]} exf4
{[%clk 0:34:50]} 26. Rg2 {[%clk 0:26:53]} Qxg5 {[%clk 0:32:57]} 27. Rhxh2
{[%clk 0:26:31]} Re5 {[%clk 0:28:28]} 28. Rh5 {[%clk 0:25:25]} Qg6
{[%clk 0:28:41]} 29. g5 {[%clk 0:23:36]} Kg8 {[%clk 0:22:26]} 30. Rh6
{[%clk 0:23:45]} Qg7 {[%clk 0:22:50]} 31. Qxf4 {[%clk 0:23:47]} Be6
{[%clk 0:22:59]} 32. d4 {[%clk 0:22:42]} Bxb3 {[%clk 0:23:20]} 33. dxe5
{[%clk 0:23:05]} dxe5 {[%clk 0:23:40]} 34. Qf6 {[%clk 0:23:22]} Bxa2
{[%clk 0:23:43]} 35. Rgh2 {[%clk 0:23:39]} 1-0

[Event "1SM"]
[Site "Sharjah Chess Club"]
[Date "2017.03.30"]
[Round "8.16"]
[White "Neverov, Valeriy"]
[Black "Safarli, Eltaj"]
[Result "0-1"]
[BlackElo "2680"]
[WhiteElo "2477"]
[LiveChessVersion "1.4.8"]

1. d4 {[%clk 1:40:55]} Nf6 {[%clk 1:40:29]} 2. c4 {[%clk 1:40:44]} e6
{[%clk 1:40:49]} 3. Nc3 {[%clk 1:37:23]} Bb4 {[%clk 1:41:09]} 4. e3
{[%clk 1:37:27]} O-O {[%clk 1:41:26]} 5. Bd3 {[%clk 1:34:11]} d5 {[%clk 1:41:07]}
6. Nf3 {[%clk 1:25:50]} b6 {[%clk 1:37:27]} 7. O-O {[%clk 1:23:29]} dxc4
{[%clk 1:36:38]} 8. Bxc4 {[%clk 1:23:54]} Bb7 {[%clk 1:37:02]} 9. Qe2
{[%clk 1:22:46]} Nbd7 {[%clk 1:30:03]} 10. Rd1 {[%clk 1:22:10]} Qe7
{[%clk 1:30:25]} 11. a3 {[%clk 1:20:20]} Bxc3 {[%clk 1:30:38]} 12. bxc3
{[%clk 1:20:48]} Ne4 {[%clk 1:31:00]} 13. Bb2 {[%clk 1:19:42]} Nd6
{[%clk 1:29:19]} 14. Bd3 {[%clk 1:08:33]} e5 {[%clk 1:23:03]} 15. Nxe5
{[%clk 1:05:24]} Nxe5 {[%clk 1:23:20]} 16. dxe5 {[%clk 1:05:51]} Qxe5
{[%clk 1:23:43]} 17. c4 {[%clk 1:04:31]} Qg5 {[%clk 1:23:42]} 18. f3
{[%clk 1:01:20]} Rae8 {[%clk 1:20:36]} 19. Re1 {[%clk 0:56:55]} Ba6
{[%clk 1:09:54]} 20. Rac1 {[%clk 0:53:47]} Nb7 {[%clk 1:05:45]} 21. Qf2
{[%clk 0:51:21]} Nc5 {[%clk 1:01:56]} 22. Bf1 {[%clk 0:51:28]} Rd8
{[%clk 1:01:25]} 23. Rcd1 {[%clk 0:50:20]} Qe7 {[%clk 0:57:21]} 24. Rd4
{[%clk 0:33:02]} Ne6 {[%clk 0:54:58]} 25. Rdd1 {[%clk 0:31:24]} Rd6
{[%clk 0:51:08]} 26. Qc2 {[%clk 0:20:49]} Rfd8 {[%clk 0:48:59]} 27. Be2
{[%clk 0:18:11]} Qh4 {[%clk 0:33:05]} 28. g3 {[%clk 0:10:36]} Qh5
{[%clk 0:30:09]} 29. Rd5 {[%clk 0:06:01]} Qh6 {[%clk 0:22:45]} 30. e4
{[%clk 0:05:25]} Bb7 {[%clk 0:17:09]} 31. Rxd6 {[%clk 0:04:44]} Rxd6
{[%clk 0:14:32]} 32. Rd1 {[%clk 0:05:12]} Qe3+ {[%clk 0:10:55]} 33. Kf1
{[%clk 0:04:23]} Rxd1+ {[%clk 0:08:26]} 34. Qxd1 {[%clk 0:04:24]} Bc6
{[%clk 0:07:16]} 35. Qc1 {[%clk 0:03:33]} Qc5 {[%clk 0:07:00]} 36. Qc3
{[%clk 0:03:56]} Qh5 {[%clk 0:06:07]} 37. h4 {[%clk 0:03:44]} f6 {[%clk 0:05:32]}
38. Kf2 {[%clk 0:03:22]} Qc5+ {[%clk 0:05:51]} 39. Qe3 {[%clk 0:03:10]} Qe7
{[%clk 0:05:57]} 40. h5 {[%clk 0:02:16]} h6 {[%clk 0:05:37]} 41. g4
{[%clk 0:02:20]} Qf8 {[%clk 0:04:45]} 42. Bd3 {[%clk 0:02:09]} Nc5
{[%clk 0:04:25]} 43. e5 {[%clk 0:00:48]} fxe5 {[%clk 0:03:56]} 44. Bxe5
{[%clk 0:00:37]} Bxf3 {[%clk 0:02:52]} 45. Kg3 {[%clk 0:00:54]} Nxd3
{[%clk 0:00:39]} 46. Qxd3 {[%clk 0:01:20]} Bc6 {[%clk 0:00:36]} 47. Bf4
{[%clk 0:00:32]} Qe7 {[%clk 0:00:33]} 48. Qe3 {[%clk 0:00:35]} Be4
{[%clk 0:00:32]} 49. a4 {[%clk 0:00:35]} c5 {[%clk 0:00:49]} 50. Bb8
{[%clk 0:00:34]} Qe8 {[%clk 0:00:33]} 51. Bxa7 {[%clk 0:00:34]} Qe5+
{[%clk 0:00:58]} 52. Qf4 {[%clk 0:00:51]} Qc3+ {[%clk 0:01:18]} 53. Kh4
{[%clk 0:01:13]} Bg2 {[%clk 0:00:37]} 54. Qg3 {[%clk 0:00:46]} Qf6+
{[%clk 0:00:48]} 55. g5 {[%clk 0:01:14]} Qd4+ {[%clk 0:01:10]} 56. Qg4
{[%clk 0:01:33]} Qf2+ {[%clk 0:01:37]} 57. Qg3 {[%clk 0:01:51]} Qd4+
{[%clk 0:00:56]} 58. Qg4 {[%clk 0:02:15]} Qf2+ {[%clk 0:01:13]} 59. Qg3
{[%clk 0:02:34]} hxg5+ {[%clk 0:01:38]} 60. Kg4 {[%clk 0:02:53]} Qf6
{[%clk 0:00:32]} 61. Bb8 {[%clk 0:00:43]} Be4 {[%clk 0:00:50]} 62. Qe5
{[%clk 0:00:46]} Bf3+ {[%clk 0:00:36]} 63. Kg3 {[%clk 0:00:53]} Bxh5
{[%clk 0:00:40]} 64. Qxf6 {[%clk 0:00:57]} gxf6 {[%clk 0:01:09]} 65. Bc7
{[%clk 0:01:19]} Kf7 {[%clk 0:01:16]} 66. Bxb6 {[%clk 0:01:27]} f5
{[%clk 0:01:04]} 67. Bxc5 {[%clk 0:00:39]} f4+ {[%clk 0:01:29]} 68. Kf2
{[%clk 0:00:32]} Bd1 {[%clk 0:00:53]} 69. a5 {[%clk 0:00:39]} Bb3
{[%clk 0:01:17]} 70. a6 {[%clk 0:00:58]} Bxc4 {[%clk 0:01:46]} 71. a7
{[%clk 0:01:23]} Bd5 {[%clk 0:02:13]} 72. Bd6 {[%clk 0:00:41]} Ke6
{[%clk 0:02:31]} 73. Bc7 {[%clk 0:01:08]} Kf5 {[%clk 0:02:58]} 74. Kg1
{[%clk 0:00:55]} g4 {[%clk 0:02:54]} 75. Kh2 {[%clk 0:01:21]} Ke4
{[%clk 0:02:55]} 76. Bd6 {[%clk 0:01:30]} Kf3 {[%clk 0:03:01]} 77. Bc7
{[%clk 0:01:40]} g3+ {[%clk 0:01:37]} 78. Kh3 {[%clk 0:01:49]} g2
{[%clk 0:01:25]} 79. Kh2 {[%clk 0:00:32]} Kf2 {[%clk 0:01:49]} 0-1

[Event "1SM"]
[Site "Sharjah Chess Club"]
[Date "2017.03.30"]
[Round "8.17"]
[White "Anton Guijarro, David"]
[Black "Pascua, Haridas"]
[Result "1-0"]
[BlackElo "2440"]
[WhiteElo "2676"]
[LiveChessVersion "1.4.8"]

1. d4 {[%clk 1:40:55]} Nf6 {[%clk 1:40:42]} 2. c4 {[%clk 1:41:17]} e6
{[%clk 1:40:19]} 3. Nf3 {[%clk 1:41:25]} b6 {[%clk 1:40:18]} 4. g3
{[%clk 1:41:01]} Bb7 {[%clk 1:39:28]} 5. Bg2 {[%clk 1:40:40]} Bb4+
{[%clk 1:39:33]} 6. Bd2 {[%clk 1:40:37]} Bxd2+ {[%clk 1:39:26]} 7. Qxd2
{[%clk 1:39:28]} O-O {[%clk 1:39:09]} 8. O-O {[%clk 1:39:25]} d6 {[%clk 1:35:14]}
9. Qf4 {[%clk 1:39:08]} Nbd7 {[%clk 1:32:38]} 10. Nc3 {[%clk 1:38:24]} Qe7
{[%clk 1:31:17]} 11. Rad1 {[%clk 1:35:07]} a6 {[%clk 1:27:37]} 12. Rfe1
{[%clk 1:24:47]} Rfe8 {[%clk 1:24:50]} 13. e4 {[%clk 1:24:09]} e5
{[%clk 1:24:35]} 14. Qd2 {[%clk 1:24:09]} Rad8 {[%clk 1:20:49]} 15. Nd5
{[%clk 1:15:42]} Nxd5 {[%clk 1:17:20]} 16. cxd5 {[%clk 1:16:05]} c6
{[%clk 1:04:25]} 17. dxc6 {[%clk 1:11:20]} Bxc6 {[%clk 1:04:49]} 18. dxe5
{[%clk 1:04:14]} dxe5 {[%clk 0:45:52]} 19. Qd6 {[%clk 1:02:59]} Bb5
{[%clk 0:43:35]} 20. Qxe7 {[%clk 0:49:57]} Rxe7 {[%clk 0:43:59]} 21. b3
{[%clk 0:49:07]} Rc8 {[%clk 0:39:18]} 22. Bh3 {[%clk 0:38:57]} Rc5
{[%clk 0:24:44]} 23. Rd6 {[%clk 0:33:01]} Bc6 {[%clk 0:24:32]} 24. Nd2
{[%clk 0:27:18]} g6 {[%clk 0:15:39]} 25. Nc4 {[%clk 0:23:17]} Kg7
{[%clk 0:15:48]} 26. f3 {[%clk 0:22:22]} b5 {[%clk 0:12:33]} 27. Na5
{[%clk 0:11:43]} Nb8 {[%clk 0:12:57]} 28. Red1 {[%clk 0:11:47]} Be8
{[%clk 0:09:08]} 29. Rd8 {[%clk 0:08:32]} Nc6 {[%clk 0:08:04]} 30. Rc8
{[%clk 0:08:57]} Rc3 {[%clk 0:07:36]} 31. Nxc6 {[%clk 0:06:33]} Rxc6
{[%clk 0:07:35]} 32. Rxc6 {[%clk 0:05:55]} Bxc6 {[%clk 0:08:03]} 33. Rc1
{[%clk 0:05:53]} Bb7 {[%clk 0:06:51]} 34. Kf2 {[%clk 0:05:53]} Kf8
{[%clk 0:06:02]} 35. Bc8 {[%clk 0:04:32]} Ke8 {[%clk 0:03:09]} 36. g4
{[%clk 0:02:43]} Kd8 {[%clk 0:02:05]} 37. Bxb7 {[%clk 0:03:08]} Rxb7
{[%clk 0:02:32]} 38. Rc6 {[%clk 0:03:06]} Ra7 {[%clk 0:02:45]} 39. g5
{[%clk 0:02:50]} a5 {[%clk 0:01:25]} 40. Kg3 {[%clk 0:01:15]} b4 {[%clk 0:00:38]}
41. Rc5 {[%clk 0:01:05]} Kd7 {[%clk 0:00:42]} 42. Rxe5 {[%clk 0:01:17]} Kc6
{[%clk 0:00:58]} 43. Rd5 {[%clk 0:01:05]} a4 {[%clk 0:00:51]} 44. h4
{[%clk 0:01:03]} axb3 {[%clk 0:01:12]} 45. axb3 {[%clk 0:01:29]} Ra3
{[%clk 0:00:38]} 46. Rd3 {[%clk 0:01:48]} Ra7 {[%clk 0:00:33]} 47. Kf4
{[%clk 0:01:58]} Ra1 {[%clk 0:00:40]} 48. Ke5 {[%clk 0:01:51]} Rc1
{[%clk 0:01:05]} 49. Rd6+ {[%clk 0:01:09]} Kc5 {[%clk 0:01:13]} 50. Rd7
{[%clk 0:01:17]} Rc3 {[%clk 0:01:33]} 51. Rxf7 {[%clk 0:01:40]} Rxb3
{[%clk 0:01:59]} 52. f4 {[%clk 0:01:49]} Rd3 {[%clk 0:01:03]} 53. Rb7
{[%clk 0:01:16]} b3 {[%clk 0:01:00]} 54. Rb8 {[%clk 0:00:46]} Kc4
{[%clk 0:00:53]} 55. Rc8+ {[%clk 0:00:44]} Kb4 {[%clk 0:01:21]} 56. f5
{[%clk 0:01:00]} gxf5 {[%clk 0:00:44]} 57. exf5 {[%clk 0:01:25]} Re3+
{[%clk 0:00:35]} 58. Kd4 {[%clk 0:01:11]} Rh3 {[%clk 0:00:52]} 59. f6
{[%clk 0:01:01]} Rxh4+ {[%clk 0:01:17]} 60. Ke5 {[%clk 0:01:06]} b2
{[%clk 0:00:33]} 61. Rb8+ {[%clk 0:01:10]} Kc3 {[%clk 0:00:33]} 62. f7
{[%clk 0:01:19]} 1-0

[Event "1SM"]
[Site "Sharjah Chess Club"]
[Date "2017.03.30"]
[Round "8.18"]
[White "Swayams, Mishra"]
[Black "Jones, Gawain C B"]
[Result "0-1"]
[BlackElo "2676"]
[WhiteElo "2450"]
[LiveChessVersion "1.4.8"]

1. d4 d6 {[%clk 1:37:01]} 2. c4 {[%clk 1:40:56]} g6 {[%clk 1:37:25]} 3. Nc3
{[%clk 1:41:12]} Bg7 {[%clk 1:37:49]} 4. e4 {[%clk 1:41:33]} e5 {[%clk 1:37:54]}
5. d5 {[%clk 1:40:09]} a5 {[%clk 1:37:48]} 6. Be2 {[%clk 1:36:02]} Na6
{[%clk 1:34:48]} 7. Nf3 {[%clk 1:18:40]} Nf6 {[%clk 1:32:32]} 8. Be3
{[%clk 1:12:36]} Ng4 {[%clk 1:29:41]} 9. Bg5 {[%clk 1:11:56]} f6 {[%clk 1:30:04]}
10. Bd2 {[%clk 1:08:12]} f5 {[%clk 1:25:04]} 11. exf5 {[%clk 1:02:13]} Bxf5
{[%clk 1:23:53]} 12. Ng5 {[%clk 1:00:07]} Nf6 {[%clk 1:11:52]} 13. g4
{[%clk 0:59:14]} Bd7 {[%clk 1:12:11]} 14. Nge4 {[%clk 0:45:15]} Nxe4
{[%clk 1:12:05]} 15. Nxe4 {[%clk 0:45:42]} O-O {[%clk 1:12:22]} 16. h4
{[%clk 0:39:06]} Rf4 {[%clk 1:08:27]} 17. Bxf4 {[%clk 0:38:07]} exf4
{[%clk 1:08:55]} 18. Qd2 {[%clk 0:38:03]} Qe7 {[%clk 1:07:17]} 19. Qxf4
{[%clk 0:35:28]} Nb4 {[%clk 0:50:21]} 20. O-O-O {[%clk 0:22:43]} Nxa2+
{[%clk 0:50:20]} 21. Kb1 {[%clk 0:23:11]} Nb4 {[%clk 0:50:32]} 22. Rh3
{[%clk 0:20:42]} Bh6 {[%clk 0:34:15]} 23. Nf6+ {[%clk 0:13:25]} Kg7
{[%clk 0:33:49]} 24. Qd4 {[%clk 0:05:56]} Qxf6 {[%clk 0:33:14]} 25. Qxf6+
{[%clk 0:06:23]} Kxf6 {[%clk 0:33:40]} 26. g5+ {[%clk 0:06:47]} Kf7
{[%clk 0:33:38]} 27. Rf3+ {[%clk 0:07:12]} Bf5+ {[%clk 0:33:59]} 28. Rxf5+
{[%clk 0:07:40]} gxf5 {[%clk 0:34:23]} 29. Bh5+ {[%clk 0:04:39]} Ke7
{[%clk 0:34:47]} 30. gxh6 {[%clk 0:04:42]} Rg8 {[%clk 0:34:47]} 31. b3
{[%clk 0:03:29]} c6 {[%clk 0:31:36]} 32. Re1+ {[%clk 0:03:35]} Kd8
{[%clk 0:32:04]} 33. Bf7 {[%clk 0:03:51]} Rf8 {[%clk 0:31:53]} 34. Be6
{[%clk 0:03:25]} Rf6 {[%clk 0:31:20]} 35. Rg1 {[%clk 0:02:56]} Rxh6
{[%clk 0:31:12]} 36. Rg7 {[%clk 0:03:09]} Rxh4 {[%clk 0:30:13]} 37. Rxb7
{[%clk 0:02:35]} cxd5 {[%clk 0:28:39]} 38. cxd5 {[%clk 0:02:40]} Rh1+
{[%clk 0:28:32]} 39. Kb2 {[%clk 0:03:06]} Nd3+ {[%clk 0:28:48]} 40. Kc2
{[%clk 0:00:59]} Nc5 {[%clk 0:28:41]} 41. Rf7 {[%clk 0:00:46]} Rh2
{[%clk 0:21:08]} 42. Rxf5 {[%clk 0:00:52]} Kc7 {[%clk 0:21:27]} 43. Rf8
{[%clk 0:00:39]} h5 {[%clk 0:19:31]} 44. Kc3 {[%clk 0:00:35]} Rxf2
{[%clk 0:19:30]} 45. Rh8 {[%clk 0:00:43]} Rf3+ {[%clk 0:19:10]} 46. Kc4
{[%clk 0:00:57]} Rxb3 {[%clk 0:19:13]} 47. Rxh5 {[%clk 0:00:44]} Rb4+
{[%clk 0:14:44]} 48. Kc3 {[%clk 0:01:12]} Re4 {[%clk 0:15:03]} 49. Rh7+
{[%clk 0:00:43]} Kb6 {[%clk 0:15:27]} 50. Bh3 {[%clk 0:00:43]} Rf4
{[%clk 0:14:39]} 51. Bg2 {[%clk 0:00:40]} Rf2 {[%clk 0:13:56]} 52. Bh3
{[%clk 0:00:40]} a4 {[%clk 0:11:08]} 53. Bc8 {[%clk 0:00:38]} Rf8
{[%clk 0:09:12]} 54. Be6 {[%clk 0:00:38]} Rf3+ {[%clk 0:09:00]} 55. Kb4
{[%clk 0:00:39]} Rf4+ {[%clk 0:05:54]} 56. Kc3 {[%clk 0:00:52]} Kb5
{[%clk 0:05:56]} 57. Ra7 {[%clk 0:00:37]} Rf3+ {[%clk 0:06:11]} 58. Kc2
{[%clk 0:00:53]} Kc4 {[%clk 0:06:11]} 59. Ra8 {[%clk 0:00:48]} Rf2+
{[%clk 0:06:07]} 60. Kb1 {[%clk 0:01:17]} Kc3 {[%clk 0:05:49]} 61. Rc8
{[%clk 0:00:45]} a3 {[%clk 0:05:46]} 62. Ka1 {[%clk 0:00:59]} Kd4
{[%clk 0:04:57]} 63. Rb8 {[%clk 0:01:16]} Kc4 {[%clk 0:05:22]} 64. Rc8
{[%clk 0:01:41]} Rb2 {[%clk 0:05:30]} 65. Bd7 {[%clk 0:00:32]} Kd4
{[%clk 0:04:37]} 66. Ba4 {[%clk 0:00:47]} Nb3+ {[%clk 0:04:41]} 67. Bxb3
{[%clk 0:01:12]} Rxb3 {[%clk 0:05:09]} 68. Ka2 {[%clk 0:01:30]} Rd3
{[%clk 0:05:26]} 69. Kb1 {[%clk 0:01:15]} Kxd5 {[%clk 0:05:44]} 70. Kc2
{[%clk 0:01:41]} Rh3 {[%clk 0:06:02]} 71. Ra8 {[%clk 0:02:04]} Ke5
{[%clk 0:06:18]} 72. Ra4 {[%clk 0:02:11]} d5 {[%clk 0:06:41]} 73. Kd2
{[%clk 0:02:21]} a2 {[%clk 0:06:44]} 74. Kc2 {[%clk 0:02:41]} Rh1
{[%clk 0:07:08]} 0-1